书目信息 |
| 题名: |
Visual FoxPro 6.0应用教程
|
|
| 作者: | 吴俊强 主编 | |
| 分册: | ||
| 出版信息: | 西安 西北大学出版社 2003.06 |
|
| 页数: | 212页 | |
| 开本: | 26cm | |
| 丛书名: | ||
| 单 册: | ||
| 中图分类: | TP311.138 | |
| 科图分类: | ||
| 主题词: | 关系数据库--数据库管理系统--高等学校--教材 , 数据库管理系统 | |
| 电子资源: | ||
| ISBN: | 7-5604-1849-X | |
| 000 | 00898nam0 2200241 450 | |
| 001 | 0179266421 | |
| 005 | 20050910142506.85 | |
| 010 | @a7-5604-1849-X@dCNY22.00 | |
| 100 | @a20050422d2003 km y0chiy0120 ea | |
| 101 | 0 | @achi |
| 102 | @aCN@b610000 | |
| 105 | @aa z 000yy | |
| 200 | 1 | @aVisual FoxPro 6.0应用教程@AVisual FoxPro 6.0 ying yong jiao cheng@f吴俊强主编@Fwu jun qiang zhu bian |
| 210 | @a西安@c西北大学出版社@d2003.06 | |
| 215 | @a212页@c图@d26cm | |
| 330 | @a本书是陕西省高职高专规划教材之一,全面介绍了数据库的基本概念、数据库操作、数据表的建立与使用、查询与视图、结构化的SQL语言、表单设计、结构化程序设计和面向对象程序设计。 | |
| 606 | 0 | @a关系数据库@x数据库管理系统@x高等学校@j教材 |
| 606 | @a数据库管理系统 | |
| 610 | 0 | @aVisual FoxPro 6.0 |
| 690 | @aTP311.138@v4 | |
| 701 | 0 | @a吴俊强@Awu jun qiang@4主编 |
| 801 | 0 | @aCN@bQSSK@c20050910 |
| 905 | @a10447@dTP311.138@eW805 | |
| Visual FoxPro 6.0应用教程/吴俊强主编.-西安:西北大学出版社,2003.06 |
| 212页:图;26cm |
| ISBN 7-5604-1849-X:CNY22.00 |
| 本书是陕西省高职高专规划教材之一,全面介绍了数据库的基本概念、数据库操作、数据表的建立与使用、查询与视图、结构化的SQL语言、表单设计、结构化程序设计和面向对象程序设计。 |
| ● |
| 相关链接 |
|
|
|
正题名:Visual FoxPro 6.0应用教程
索取号:TP311.138/W805
 
预约/预借
| 序号 | 登录号 | 条形码 | 馆藏地/架位号 | 状态 | 备注 |
| 1 | 568588 | 205685882 | 自科二线404/404自科库 19排3列5层/ [索取号:TP311.138/W805] | 在馆 | |
| 2 | 568589 | 205685891 | 期刊室512/301自科库 41排7列4层/ [索取号:TP311.138/W805] | 在馆 | |
| 3 | 568590 | 205685908 | 期刊室512/301自科库 41排7列4层/ [索取号:TP311.138/W805] | 在馆 |